Progress in Guaranteeing Quality trough Non-Destructive Methods of Evaluation. UK /

Saved in:
Bibliographic Details
Main Author: Rickaros, P.J (Author)
Format: Book
Language:English
Published: New Delhi : India, 1987
Tags: Add Tag
No Tags, Be the first to tag this record!

MARC

LEADER 00000nam a22000003a 4500
001 stu41348
005 20150617225719.7
008 931122s1987----ii------------------eng-d
040 |a STU  |b slo 
041 0 |a eng 
044 |a ii 
100 1 |a Rickaros, P.J  |4 aut 
245 1 |a Progress in Guaranteeing Quality trough Non-Destructive Methods of Evaluation. UK /  |c [aut.]P.J. Rickaros 
260 |a New Delhi :  |b India,  |c 1987 
300 |a Nestr 
996 |b MB 32  |c M*B-32  |l MMKN  |s A  |a 24  |w stu41348_0001